Anecdotario de Pomacanchi / (Record no. 23427)

000 -CABECERA
fixed length control field 02113nam a22003137a 4500
003 - IDENTIFICADOR DEL NÚMERO DE CONTROL
control field AR-CdUCM
008 - DATOS DE LONGITUD FIJA--INFORMACIÓN GENERAL
fixed length control field 251223b19811991pe ||||| |||| 00| 0 spa d
040 ## - FUENTE DE LA CATALOGACIÓN
Agencia/entidad que catalogó originalmente la obra MUNICIPALIDAD PROVINCIAL DEL CUSCO
Entidad que transcribió la catalogación BIBLIOTECA MUNICIPAL DEL CUSCO
082 ## - NÚMERO DE LA CLASIFICACIÓN DECIMAL DEWEY
No. de la edición Tercera edición
No. de Clasificación 333.71 /
Notacion interna L98
100 ## - ENTRADA PRINCIPAL--NOMBRE DE PERSONA
Nombre Personal Luna Villena, Aurelio /
245 ## - MENCIÓN DE TÍTULO
Título Anecdotario de Pomacanchi /
260 ## - PUBLICACIÓN, DISTRIBUCIÓN, ETC.
Lugar de publicación, distribución, etc. Cusco :
Nombre de la editorial, distribuidor, etc. Ferdinand Porcel Luna
Fecha de publicación, distribución, etc. 2024
300 ## - DESCRIPCIÓN FÍSICA
Nº de Páginas Extensión 104 páginas. :
Dimensiones 17 x 24 cm.
505 ## - NOTA DE CONTENIDO CON FORMATO
Nota de contenido formateada Historia -- Así fue mi tierra -- Técnica Agrícola -- T'ito Q'osñipa -- La educación -- Estadio Mariscal Cáceres -- Saludo a Waqrapukara -- Historia de la Capilla de Belén -- Terremoto de Pomacanchi -- El sismo -- Los daños -- Geología -- Aspecto urbano y situación geológica -- El testigo -- Rescate de cadáveres -- Llega la ayuda -- La iglesia matriz -- Nuevo alcalde -- Solidaridad humana -- Cayó coloso milenario -- República Independiente -- Costumbres -- El Chaco -- El Qanchi Machu -- Pasajes de Ultratumba -- Virgen Dolorosa en el camino solitario -- El tunante -- El condenado -- Supay wasi -- El que se encuentra con el espíritu de otro -- Señora de ultratumba vuelve a su casa -- Enamorado que viaja cabalgando en féretro -- Galán Burlado -- Espíritu burlón -- Esqueleto devoto de la Virgen de Belén -- Féretro -- Cráneo humano sobrevive -- Episodio de mi actividad Política I y II -- El torero del siglo -- Caza trágica -- Cernícalo ortopédico -- Evasión maestra -- Nobleza y lágrimas de un caballo -- Dinamitero -- Filiberto Sánchez cambia de frente.
650 ## - PUNTO DE ACCESO ADICIONAL DE MATERIA--TÉRMINO DE MATERIA
Descriptor Técnica agrícola
9 (RLIN) 51845
650 ## - PUNTO DE ACCESO ADICIONAL DE MATERIA--TÉRMINO DE MATERIA
Descriptor Situación geológica
9 (RLIN) 51846
650 ## - PUNTO DE ACCESO ADICIONAL DE MATERIA--TÉRMINO DE MATERIA
Descriptor República Independiente
9 (RLIN) 51847
650 ## - PUNTO DE ACCESO ADICIONAL DE MATERIA--TÉRMINO DE MATERIA
Descriptor Caza trágica
9 (RLIN) 51848
650 ## - PUNTO DE ACCESO ADICIONAL DE MATERIA--TÉRMINO DE MATERIA
Descriptor Estafa y el chantaje
9 (RLIN) 51849
650 ## - PUNTO DE ACCESO ADICIONAL DE MATERIA--TÉRMINO DE MATERIA
Descriptor Papas qompis
9 (RLIN) 51850
650 ## - PUNTO DE ACCESO ADICIONAL DE MATERIA--TÉRMINO DE MATERIA
Descriptor Enfermedad del ganado
9 (RLIN) 51851
650 ## - PUNTO DE ACCESO ADICIONAL DE MATERIA--TÉRMINO DE MATERIA
Descriptor Inspector de censo
9 (RLIN) 51852
650 ## - PUNTO DE ACCESO ADICIONAL DE MATERIA--TÉRMINO DE MATERIA
Descriptor El prestamista
9 (RLIN) 51853
650 ## - PUNTO DE ACCESO ADICIONAL DE MATERIA--TÉRMINO DE MATERIA
Descriptor Mayordomo de Belén
9 (RLIN) 51854
650 ## - PUNTO DE ACCESO ADICIONAL DE MATERIA--TÉRMINO DE MATERIA
Descriptor Vendedor de árboles
9 (RLIN) 51855
942 ## - ELEMENTOS DE PUNTO DE ACCESO ADICIONAL (KOHA)
Fuente de clasificación
Tipo de item Libros-BMC
945 ## - PROCESAMIENTO DE INFORMACIÓN LOCAL (OCLC)
Catalogador jmcs
AAAA-MM-DD - Fecha de ingreso o modificacion 23/12/2025
Holdings
Estado de retiro (separado) Fuente de clasificación o esquema de estanterías Estado dañado Ubicación Sala donde se ubica Nombre de la colección Fecha de adquisición o compra Fuente de adquisición Costo, precio normal en soles Signatura topográfica Código de Barras Última vez visto (Koha) Tipo de ítem (Koha)
No     Sala Humanidades Sala Humanidades Book Cart 2025-12-23 Donación 15.00 333.71 / L98 SH0000017038 2025-12-23 Libros-BMC

Powered by Koha